Geography Quiz

Random Geography or World Quiz

Single-Vowel Type Countries Quiz Stats

 Plays Quiz Updated May 28, 2016

Score 0/19 Timer 06:00
9 Plays Today
% Correct
Canada
84%
Japan
83.1%
Fiji
74.2%
Chad
74%
Togo
70.9%
Sweden
69.5%
Yemen*
68.5%
Greece
65.2%
Panama
64.3%
Ghana
63.2%
% Correct
Morocco
60.5%
Qatar
59%
Malta
57%
Rwanda
53.4%
Bahamas
52.7%
Kosovo
52.3%
Madagascar
49.4%
Comoros
48.8%
Kazakhstan
46.7%

You're not logged in!

Compare scores with friends on all Sporcle quizzes.
OR
Log In

Sporcle TV

Today on Sporcle TV


Watch our educational content, quiz creation guides, and fun videos on Sporcle TV.

Show Comments

Extras

Top Quizzes Today


Score Distribution

Your Account Isn't Verified!

In order to create a playlist on Sporcle, you need to verify the email address you used during registration. Go to your Sporcle Settings to finish the process.

Report this User

Report this user for behavior that violates our Community Guidelines.

Details: